| 000 | 01172cam a2200385 a 4500 | ||
|---|---|---|---|
| 003 | DLC | ||
| 005 | 20241220104105.0 | ||
| 008 | 030718s2003 nyua 000 1 eng | ||
| 001 | 2003058502 | ||
| 010 | _a 2003058502 | ||
| 020 | _a0399150803 (acidfree paper) | ||
| 035 | _a(Sirsi) i9780399150807 | ||
| 040 |
_aDLC _cDLC _dDLC |
||
| 050 | 0 | 0 |
_aPS3553.U75 _bT76 2003 |
| 082 | 0 | 0 |
_a813/.54 _222 |
| 082 | _aCUS | ||
| 092 | _aCUS | ||
| 100 | 1 |
_aCussler, Clive. _914580 |
|
| 245 | 1 | 0 |
_aTrojan odyssey / _cClive Cussler. |
| 260 |
_aNew York : _bPutnam, _cc2003. |
||
| 300 |
_a485 p. : _bill. ; _c24 cm. |
||
| 650 | 0 |
_aPitt, Dirk (Fictitious character) _vFiction. _95692981 |
|
| 650 | 0 |
_aParent and adult child _vFiction. _95695363 |
|
| 650 | 0 |
_aMarine biologists _vFiction. _95705044 |
|
| 650 | 0 |
_aMarine engineers _vFiction. _95803190 |
|
| 650 | 0 |
_aAntiquities _vFiction. _95684787 |
|
| 650 | 0 |
_aBrown tide _vFiction. _96499512 |
|
| 650 | 0 |
_aTwins _vFiction. _95674236 |
|
| 651 | 0 |
_aNicaragua _vFiction. _96416064 |
|
| 655 | 7 |
_aAdventure fiction. _2gsafd _96094552 |
|
| 655 | 0 |
_aSuspense fiction. _96094553 |
|
| 942 |
_cBOOK _028 |
||
| 979 | _a277496 | ||
| 998 | _aa12630 | ||
| 999 |
_c6472 _d6472 |
||